00000000nas 2200000zi 4500
0019.501482
003CaOODSP
00520251030165633
006m     o  d f      
007cr cn ||||||||
008150406d19972015abcmr p o    f0   b0fre|d
022 |a1495-6551
040 |aCaOODSP|bfre|erda|cCaOODSP
043 |an-cn-bc|an-cnp--
0861 |aC89-2/4F-PDF
2100 |aAccès Ouest |b(En ligne)
222 0|aAccès Ouest |b(En ligne)
24500|aAccès Ouest.
264 1|aEdmonton (Alberta) : |bDiversification de l'économie de l'Ouest Canada, |c[1997?-2015]
310 |aMensuel, |b2014-2015
321 |aTrimestriel, |b1999-2004
321 |aLa fréquence varie, |b2005-2013
336 |atext|btxt|2rdacontent/fre
337 |ainformatique|bc|2rdamedia/fre
338 |aressource en ligne|bcr|2rdacarrier/fre
3621 |aParaît depuis automne 1997? Ne paraît plus après : Juillet 2015.
500 |aL'édition imprimée des n°s avant 2007 avaient des encarts provinciaux. L'édition électronique des encarts provinciaux étaient publiée séparément jusqu'à la fusion. Voir aussi la notice pour l'édition imprimée (C89-2/4F).
500 |aPublié aussi en anglais sous le titre : Access West.
5203 |aUne source d'information privilégiée sur les programmes et services destinés aux entrepreneurs de l'Ouest canadien. Il rapporte leurs histoires à succès et donne des nouvelles sur les activités innovatrices des entreprises dans l'Ouest.
588 |aDescription d'après : Hiver 1997; titre de départ du fichier PDF.
588 |aDernière livraison consultée : Juillet 2015.
650 6|aDiversification (Économie politique)|zCanada (Ouest)|vPériodiques.
651 6|aCanada (Ouest)|xConditions économiques|vPériodiques.
655 7|aPériodiques|2rvmgf
7101 |aCanada. |bDiversification de l'économie de l'Ouest Canada, |eorganisme de publication.
77508|tAccess West.|w(CaOODSP)9.505082
7760#|tAccès Ouest |w(CaOODSP)9.513839